| 000 | 00567nam a2200205 a 4500 | ||
|---|---|---|---|
| 001 | 000020233 | ||
| 003 | DO-SdBNP | ||
| 005 | 20250307132147.0 | ||
| 008 | 100728s2005 dr r 000 0 spa d | ||
| 040 |
_aDO-SdBNP _bspa _cBNPHU |
||
| 082 |
_axxxx _bL681L, 2005 |
||
| 110 | 2 |
_aINDOTEL _917928 |
|
| 240 | 1 | 3 | _a[Leyes etc.] |
| 245 | 1 | 0 | _aLey general de telecomunicaciones No. 153-98. |
| 260 |
_aSanto Domingo : _bINDOTEL, _c2005. |
||
| 300 |
_a65 p. ; _c22 cm. |
||
| 500 | _aPublicada en la gaceta oficial no. 9983 | ||
| 710 | 2 |
_aINDOTEL _917928 |
|
| 942 |
_2ddc _cLBS1 |
||
| 999 |
_c19738 _d19738 |
||